Players that have played for Real Madrid and Bayern Munich - Statistics

General Stats
  • This quiz has been taken 69 times
  • The average score is 3 of 9
Answer Stats
Transfer year Player % Correct
2014 Tony Kroos
79%
2009 Arjen Robben
70%
2021 David Alaba
69%
2017,2019 James Rodriguez
51%
2020 Álvaro Odriozola
25%
2011 Hamit Altintop
16%
1974,1978 Paul Breitner
15%
1998-2002 Ze Roberto
15%
2014 Xavi Alonso
8%
No matching quizzes found
Score Distribution
Percent of People with Each Score
Percentile by Number Answered
Your Score History
You have not taken this quiz